|
|
|
|
| LEADER |
00000nam a22000007a 4500 |
| 005 |
20140711133845.0 |
| 007 |
cr|||| |||| |
| 008 |
140711s2013 cu |||||s|||| 00||0 spa d |
| 020 |
|
|
|a 978-959-7219-08-8
|
| 035 |
|
|
|a 12247
|
| 040 |
|
|
|a vLex
|
| 090 |
|
|
|c 5033
|d 5033
|
| 100 |
1 |
|
|a Goite Pierre, Mayda
|
| 245 |
1 |
0 |
|a Temas de Derecho y Proceso Penal
|h [Recurso electrn̤ico] /
|c Mayda Goite Pierre
|
| 256 |
|
|
|a Servicio en ln̕ea
|
| 260 |
|
|
|a Barcelona:
|b Editorial vLex,
|c 2013
|
| 300 |
|
|
|a 1 recurso electrn̤ico
|
| 500 |
|
|
|a Desde una perspectiva jurd̕ico penal contemporǹea en el enfrentamiento a la criminalidad organizada.
|
| 506 |
1 |
|
|a Disponible solo en los productos indicados
|d vLex Global
|d vLex Global (Academic Edition, excluding Law Schools)
|d vLex Global (U.S. Academic Edition, Law Schools)
|d vLex Global (U.S. Academic Edition, excluding Law Schools)
|d vLex Global (Academic Edition, Law Schools)
|
| 650 |
0 |
4 |
|a Derecho Penal
|z Cuba
|
| 650 |
0 |
4 |
|a Procedimiento Penal
|z Cuba
|
| 740 |
0 |
|
|a vLex Libros (Servicio en ln̕ea)
|
| 856 |
4 |
0 |
|u http://vlex.com/source/temas-derecho-proceso-penal-12247
|z Acceso restringido
|
| 942 |
|
|
|c BOOK
|
| 999 |
0 |
|
|a Criminal Law
|
| 999 |
0 |
|
|a Criminal Procedure
|